Military life operation stress

Saved in:
Bibliographic Details
Format: Book
Tags: Add Tag
No Tags, Be the first to tag this record!
Call Number :

MARC

LEADER 00000pam a2200000 4500
001 27133
003 MY-KLNDU
005 20241218082222.0
020 0 0 |a 9780275983024 
035 |a 0000038884 
039 9 |a 200911181253  |b VLOAD  |y 200910091759  |z VLOAD 
040 |a FPPP 
245 0 0 |a Military life  |b operation stress 
591 |a 0000009538  |b 13/07/09  |c 0198-07  |d 1  |e RM179  |f 1  |g 179  |h Pustaka Darul Warisan Sdn. Bhd. 
999 |a vtls000036765  |c 27133  |d 27133